العرب و العروبة في حقبة التقلب التركي من القرن الثالث إلى الثلث الأول من القرن الرابع عشر الهجري / (رقم التسجيلة. 28401)

تفاصيل مارك
000 -LEADER
fixed length control field 00670nam a22001937a 4500
005 - DATE AND TIME OF LATEST TRANSACTION
control field 20251108165445.0
008 - FIXED-LENGTH DATA ELEMENTS--GENERAL INFORMATION
fixed length control field 250721s1981 xx 000 0 ara d
082 14 - DEWEY DECIMAL CLASSIFICATION NUMBER
Classification number م/956.07/محم
100 1# - MAIN ENTRY--PERSONAL NAME
Personal name دروزه، محمد عزة
245 10 - TITLE STATEMENT
Title العرب و العروبة في حقبة التقلب التركي من القرن الثالث إلى الثلث الأول من القرن الرابع عشر الهجري /
250 ## - EDITION STATEMENT
Edition statement ط2
264 1# - PRODUCTION, PUBLICATION, DISTRIBUTION, MANUFACTURE, AND COPYRIGHT NOTICE
Place of production, publication, distribution, manufacture صيدا :
Name of producer, publisher, distributor, manufacturer المكتبة العصرية،
Date of production, publication, distribution, manufacture, or copyright notice 1981.
300 ## - PHYSICAL DESCRIPTION
Extent 9ج في 3مج
650 17 - SUBJECT ADDED ENTRY--TOPICAL TERM
Topical term or geographic name as entry element العرب
650 17 - SUBJECT ADDED ENTRY--TOPICAL TERM
Topical term or geographic name as entry element التاريخ
650 17 - SUBJECT ADDED ENTRY--TOPICAL TERM
Topical term or geographic name as entry element العثمانيون
942 ## - ADDED ENTRY ELEMENTS (KOHA)
Source of classification or shelving scheme Dewey Decimal Classification
Koha item type مراجع
المقتنيات
حالة السحب حالة الفقدان مصدر التصنيف حالة التلف غير قابل للإعارة المكتبة الرئيسية المكتبة الحالية موقع الرف تاريخ التزويد الرقم المتسلسل Total Checkouts رقم الإستدعاء الباركود تاريخ آخر ظهور تاريخ الفاتورة نوع المادة (كوها)
    Dewey Decimal Classification   Not For Loan مكتبة الاميرة بديعة مكتبة الاميرة بديعة مراجع 06/07/2004 1826   م/956.07/محم 1826 28/07/2025 06/07/2004 مراجع
    Dewey Decimal Classification   Not For Loan مكتبة الجويدة مكتبة الجويدة مراجع 06/07/2004 1635   م/956.07/محم DUP-02_1635 28/07/2025 06/07/2004 مراجع
    Dewey Decimal Classification   Not For Loan مكتبة الجويدة مكتبة الجويدة مراجع 18/08/2015 ]1625[   م/956.07/محم PLD00342632 28/07/2025 18/08/2015 مراجع
    Dewey Decimal Classification   Not For Loan مكتبة صويلح العامة مكتبة صويلح العامة مراجع 08/10/2019 0004287   م/956.07/محم PLD00470665 28/07/2025 08/10/2019 مراجع
    Dewey Decimal Classification   Not For Loan مكتبة صويلح العامة مكتبة صويلح العامة مراجع 08/10/2019 0004289   م/956.07/محم PLD00470666 28/07/2025 08/10/2019 مراجع
    Dewey Decimal Classification   Not For Loan مكتبة صويلح العامة مكتبة صويلح العامة مراجع 08/10/2019 0004288   م/956.07/محم PLD00470667 28/07/2025 08/10/2019 مراجع
Implemented & Customized by: BBB with SCIT (Smart Chains for Information Technology)

Powered by Koha